Normal view
MARC view
- Earreiil Liz
Entry Personal Name
001 - CONTROL NUMBER
- control field: 111481
003 - CONTROL NUMBER IDENTIFIER
- control field: NUST
005 - DATE AND TIME OF LATEST TRANSACTION
- control field: 20230328095508.0
008 - FIXED-LENGTH DATA ELEMENTS
- fixed length control field: 230328|| aca||aabn | a|a d
040 ## - CATALOGING SOURCE
- Original cataloging agency: NUST
- Transcribing agency: NUST
100 ## - HEADING--PERSONAL NAME
- Personal name: Earreiil Liz
670 ## - SOURCE DATA FOUND
- Source citation: Work cat.: (NUST): Earreiil Liz, One Hundred At 360, 2007.
